00402nam a2200169Ia 4500008004100000020001800041050001600059100002000075245002400095245002700119260001500146260001600161260000900177300001600186300002000202300001000222170918s9999 xx 000 0 und d a9780545417808 bJ661su 2013 aJohnson, Alaya  4aThe summer Prince / cby Alaya Dawn Johnson. aNew York : bScholastic, c2013 a289 pages : billustrations : c21cm.